[Event "IECG C1.1999.0.00240"]
[Site "IECG email"]
[Date "1999.10.19"]
[Round "?"]
[White "Keillor, Jason"]
[Black "Smith, Douglas Royston"]
[Result "0-1"]
[WhiteElo "1900"]
[BlackElo "1986"]
[PlyCount "38"]
[EventDate "1999.10.19"]
[EventType "tourn (corr)"]
[EventRounds "6"]
[SourceTitle "Corr 2008"]
[Source "ChessBase"]
[SourceDate "2008.06.24"]
[SourceVersion "1"]
[SourceVersionDate "2008.06.24"]
[SourceQuality "1"]

1. e4 c5 2. g3 d5 3. exd5 Qxd5 4. Nf3 Bg4 5. Bg2 Qe6+ 6. Kf1 Nc6 7. d3 Qd7 8. Be3 e5 9. Nbd2 Nf6 10. h3 Be6 11. Nb3 Bxb3 12. axb3 Be7 13. Kg1 0-0 14. Kh2 Nd5 15. Re1 f5 16. Nxe5 Nxe5 17. Bxc5 Ng4+ 18. hxg4 Bxc5 19. d4 Bb6 0-1

[Event "IECG C1.1999.0.00240"]
[Site "IECG email"]
[Date "1999.10.19"]
[Round "?"]
[White "Speisser, Patrick"]
[Black "Keillor, Jason"]
[Result "1-0"]
[WhiteElo "2156"]
[BlackElo "1900"]
[PlyCount "58"]
[EventDate "1999.10.19"]
[EventType "tourn (corr)"]
[EventRounds "6"]
[SourceTitle "Corr 2008"]
[Source "ChessBase"]
[SourceDate "2008.06.24"]
[SourceVersion "1"]
[SourceVersionDate "2008.06.24"]
[SourceQuality "1"]

1. e4 d5 2. exd5 Qxd5 3. Nc3 Qa5 4. d4 Nf6 5. Nf3 Bf5 6. Bc4 e6 7. Bd2 c6 8. Qe2 Qb6 9. 0-0-0 Bd6 10. Nh4 0-0 11. Nxf5 exf5 12. Qd3 Nbd7 13. Rhe1 Rad8 14. Bb3 f4 15. Re2 c5 16. d5 Ne5 17. Qf5 Neg4 18. Rde1 a6 19. h3 g6 20. Qd3 Nh6 21. g4 Nd7 22. Ne4 Be5 23. Bc3 f6 24. Rd2 Nf7 25. d6 Kg7 26. g5 f5 27. Nf6 Bxf6 28. gxf6+ Kg8 29. Re7 Nb8 1-0